000 01021cam a22003257a 4500
003 CHAP
005 20220329142845.0
008 040908d2002 mx a r 00110 spa d
010 _a88796
011 _a89768
035 _a100319
040 _cCHAP
082 0 4 _a511.7
_bB8Y 2001
100 0 0 _aBurden, Richard L.
_916121
245 1 0 _aAnálisis numérico
_c/por Richard L. Burden y J. Douglas Faires
250 _a7ed.
260 _aMéxico, D.F. :
_bThomson,
_c2002.
300 _a839 p. :
_bilus.
500 _aTrad. de : Numerical analysis, 2001
590 _aBATCH-UPD
_b10
_c20130110
_lUCH01
_h1658
590 _aBATCH-UPD
_b10
_c20130410
_lUCH01
_h1046
590 _aBATCH-UPD
_b10
_c20130914
_lUCH01
_h0349
590 _aCONVERSION
_b10
_c20130109
_lUCH01
_h1349
650 1 4 _aAnálisis numérico.
_95991
700 0 0 _aFaires, J. Douglas.
_939341
901 _aBK
905 _aAlejandra Carrasco M.
942 _cLIBRO
949 _a511.7 B8Y 2001
_bBC
_cLIBRO
_d33724000797114
_eLIBRO
_h42571
_i100319
_so
_t$ 216.00
999 _c88796
_d88796